| 000 | 00367 a2200169 4500 | ||
|---|---|---|---|
| 001 | 171045 | ||
| 020 | _a85-262-1532-9 | ||
| 040 | _cMagnum | ||
| 100 | _aMachiavelli, Niccolò | ||
| 240 | 1 | 0 |
_aO príncipe _lpor |
| 245 | 1 | 0 | _aO príncipe |
| 300 | _a93 | ||
| 362 | 0 | _a1990 | |
| 440 | 1 | _aScipione | |
| 697 | _aCIÊNCIA POLÍTICA E DISCIPLINAS AFINS | ||
| 942 | _cBK | ||
| 999 |
_c171045 _d171045 |
||